|
|
|
|
| LEADER |
01068nam a2200241 u 4500 |
| 001 |
10000410 |
| 003 |
GR-PaULI |
| 005 |
20210117210708.0 |
| 008 |
881025s1986 gr gre |
| 040 |
|
|
|a GR-PaULI
|c GR-PaULI
|b gre
|e AACR2
|
| 041 |
1 |
|
|a gre
|a eng
|
| 082 |
0 |
4 |
|a 510
|2 23
|
| 100 |
1 |
|
|a Χατζόπουλος, Δημήτρης
|9 170517
|e συγγραφέας.
|
| 245 |
1 |
0 |
|a Ανώτερα μαθηματικά :
|b περιληπτική θεωρία και λελυμέναι ασκήσεις /
|c Δ.Ι. Χατζόπουλου
|
| 250 |
|
|
|a 20η έκδ.
|
| 260 |
|
|
|a Θεσσαλονίκη :
|b [χ.ό.],
|c 1986.
|
| 300 |
|
|
|a 3 τ.. :
|b εικ. ;
|c 24 εκ.
|
| 500 |
|
|
|a -- τ. 3. - 190 σ.
|
| 650 |
|
4 |
|a Μαθηματικά
|9 1410
|x Μελέτη και διδασκαλία (Ανώτατη)
|
| 942 |
|
|
|2 ddc
|c BK15
|
| 952 |
|
|
|0 0
|1 0
|2 ddc
|3 τ.3
|4 0
|6 510_000000000000000_ΧΑΤ
|7 0
|9 225098
|a LISP
|b LISP
|c DON
|d 2018-07-31
|e ΚΝΖ
|i 092436
|l 0
|o 510 ΧΑΤ
|p 025000159353
|r 2018-07-31 00:00:00
|t 1
|v 2018.00
|w 2018-07-31
|y BK15
|
| 998 |
|
|
|c ΜΠΟΥΡΑΣ
|d 2018-07
|
| 999 |
|
|
|c 135851
|d 135851
|